00185nam a2200073Ia 4500008004100000100001500041245002700056260002800083190216s9999||||xx |||||||||||||| ||und|| aAziz Ahmad 4aThe Process Of Planing bOxford University Press